2006 annual report on the status of human rights of sexual and gender minorities in Croatia
Saved in:
| Institution som forfatter: | |
|---|---|
| Format: | Bog |
| Sprog: | engelsk |
| Udgivet: |
Team for legal changes
2007
|
| Tags: |
Ingen Tags, Vær først til at tagge denne postø!
|
MARC
| LEADER | 00000nam a2200000 4500 | ||
|---|---|---|---|
| 005 | 20240626182905.0 | ||
| 008 | 240626b |||||||| |||| 00| 0 eng d | ||
| 040 | |c GP | ||
| 110 | |a Team for legal changes | ||
| 245 | |a 2006 annual report on the status of human rights of sexual and gender minorities in Croatia | ||
| 260 | |b Team for legal changes |c 2007 | ||
| 942 | |2 ddc |c BK |n 0 | ||
| 952 | |0 0 |1 0 |2 ddc |4 0 |6 306_766000000000000_TEA |7 1 |9 1508 |a RM |b RM |d 2024-06-26 |l 0 |o 306.766 TEA |p 230 |r 2024-06-26 18:29:34 |w 2024-06-26 |y BK | ||
| 999 | |c 1326 |d 1326 | ||